Catálogo

CONCURSO LATINOAMERICANO DE CUENTO 1981-1982 (Registro nro. 61144)

Detalles MARC
000 -LEADER
fixed length control field 00437nam a2200169 a 4500
001 - CONTROL NUMBER
control field 61144
005 - DATE AND TIME OF LATEST TRANSACTION
control field 20180714062647.0
008 - FIXED-LENGTH DATA ELEMENTS--GENERAL INFORMATION
fixed length control field 140415s2003 mx 000 0 spa d
041 ## - LANGUAGE CODE
Language code of text/sound track or separate title spa
082 ## - DEWEY DECIMAL CLASSIFICATION NUMBER
Classification number 808.831
Item number CON
245 00 - TITLE STATEMENT
Title CONCURSO LATINOAMERICANO DE CUENTO 1981-1982
250 ## - EDITION STATEMENT
Edition statement 1a ed.
260 ## - PUBLICATION, DISTRIBUTION, ETC.
Place of publication, distribution, etc. MEXICO :
Name of publisher, distributor, etc. SCGEP,
Date of publication, distribution, etc. 2003, 1990
300 ## - PHYSICAL DESCRIPTION
Extent 52
490 ## - SERIES STATEMENT
Series statement ALGO DEL AYER
650 14 - SUBJECT ADDED ENTRY--TOPICAL TERM
Topical term or geographic name entry element CUENTOS
General subdivision CONCURSO
Existencias
Withdrawn status Lost status Source of classification or shelving scheme Damaged status Not for loan Collection code Home library Current library Shelving location Date acquired Source of acquisition Inventory number Total Checkouts Full call number Barcode Date last seen Price effective from Koha item type
    Dewey Decimal Classification     General Biblioteca Karol Wojtyla Biblioteca Karol Wojtyla Sala general 03/12/2013 Compra 151000000000000000032162   808.831 CON 9930 05/01/2026 03/12/2013 Libro